000 00645nam a2200229Ia 4500
003 OSt
005 20220925230639.0
006 a|||||r|||| 00| 0
007 ta
008 220923b |||||||| |||| 00| 0 eng d
037 _cGeneral Book
040 _aRTL
_cRTL
_beng
041 _2eng
_aeng
082 _aY15.161.N8, M6
100 _aGadant Monique Ed.
_9294045
245 0 _aWomen of the Mediterranean Tr from the French by A
260 _aLondon
_bZed Books
_c1986
300 _a196p
_ccm.
650 _aEthnology
_935130
942 _hY15.161.N8, M6
_cGB
_2CC
999 _c586243
_d586243